000 00751nam a2200217Ia 4500
003 PILC
005 20150529095317.0
008 020926s2002 at a b 001 0 eng d
020 _a9781111427153
050 0 0 _aQD 474
_b.R597 2012
100 1 _aRodgers, Glen E.,
_d1944-
245 1 0 _aDescriptive inorganic, coordination, and solid-state chemistry /
_cGlen E. Rodgers.
250 _a3rd ed., International ed.
260 _aAustralia :
_bBrooks/Cole Cengage Learning,
_c2012.
300 _axxviii, 624 pages :
_bsome color illustrations ;
_c26 cm.
500 _aIncludes bibliographical references and index.
650 0 _aCoodination compounds.
650 0 _aSolid state chemistry.
650 0 _aChemistry, Inorganic.
942 _2lcc
_cBK
_kFOR
999 _c284506
_d284506